Využitie grafov funkcií pri riešení rovníc
Riešenie rovníc pomocou dvoch základných metód: 1. ekvivalentnými a dôsledkovými úpravami, 2. grafickou metódou (využitím grafov funkcií). V súčasnosti je možné riešiť rovnice aj s použitím rôznych softvérových produktov.
Gespeichert in:
| 1. Verfasser: | |
|---|---|
| Format: | Buchkapitel |
| Sprache: | Slowakisch |
| Schlagworte: | |
| Tags: |
Keine Tags, Fügen Sie das erste Tag hinzu!
|
MARC
| LEADER | 00000naa$a2200000$$$4500 | ||
|---|---|---|---|
| 001 | 0097913 | ||
| 005 | 20240502072100.6 | ||
| 041 | 0 | |a slo | |
| 044 | |a SK | ||
| 245 | 1 | 0 | |a Využitie grafov funkcií pri riešení rovníc |c František Slaninka |
| 520 | |a Riešenie rovníc pomocou dvoch základných metód: 1. ekvivalentnými a dôsledkovými úpravami, 2. grafickou metódou (využitím grafov funkcií). V súčasnosti je možné riešiť rovnice aj s použitím rôznych softvérových produktov. | ||
| 610 | 2 | 0 | |a matematika |
| 610 | 2 | 0 | |a technológie informačné |
| 610 | 2 | 0 | |a technológie komunikačné |
| 610 | 2 | 0 | |a softvér |
| 100 | 1 | |a Slaninka, František, 1973- | |